[Event "FRA-chT2 East 0607"]
[Site "France"]
[Date "2007.04.01"]
[Round "11.8"]
[White "Frackowiak, Estelle"]
[Black "Lupfer, Anne Flore"]
[Result "0-1"]
[WhiteElo "1499"]
[BlackElo "1750"]
[PlyCount "58"]
[EventDate "2006.10.15"]
[EventType "team"]
[EventRounds "11"]
[EventCountry "FRA"]
[SourceTitle "EXT 2008"]
[Source "ChessBase"]
[SourceDate "2007.11.25"]
[SourceVersion "1"]
[SourceVersionDate "2007.11.25"]
[SourceQuality "1"]
[WhiteTeam "Gueugnon"]
[BlackTeam "Metz Fischer II"]
[WhiteTeamCountry "FRA"]
[BlackTeamCountry "FRA"]

1. e4 c6 2. Nc3 d5 3. Nf3 dxe4 4. Nxe4 Nd7 5. d4 Ngf6 6. Bd3 Nxe4 7. Bxe4 Nf6 8. Bd3 Bg4 9. 0-0 Bxf3 10. Qxf3 Qxd4 11. Be2 Qe4 12. Bd1 Qxf3 13. Bxf3 e6 14. Be3 Be7 15. c3 0-0 16. b4 Nd5 17. Bd2 Rad8 18. Rfd1 Rd7 19. a3 Rfd8 20. Rac1 Nb6 21. Be1 Nc4 22. a4 Nb2 23. Rd2 Bg5 24. Rcc2 Bxd2 25. Bxd2 Rxd2 26. Rc1 Nxa4 27. Kf1 a6 28. Ke1 Rb2 29. g3 Rdd2 0-1

[Event "FRA-chT2 East 0607"]
[Site "France"]
[Date "2007.03.31"]
[Round "10.8"]
[White "Lupfer, Anne Flore"]
[Black "Guaudissard, Dominique"]
[Result "1-0"]
[WhiteElo "1750"]
[BlackElo "1866"]
[PlyCount "84"]
[EventDate "2006.10.15"]
[EventType "team"]
[EventRounds "11"]
[EventCountry "FRA"]
[SourceTitle "EXT 2008"]
[Source "ChessBase"]
[SourceDate "2007.11.25"]
[SourceVersion "1"]
[SourceVersionDate "2007.11.25"]
[SourceQuality "1"]
[WhiteTeam "Metz Fischer II"]
[BlackTeam "Cluses Saint Jeoire"]
[WhiteTeamCountry "FRA"]
[BlackTeamCountry "FRA"]

1. d4 d5 2. Nf3 Nf6 3. Bf4 e6 4. e3 Nbd7 5. a3 c5 6. c3 Nh5 7. Bg5 Qa5 8. Be2 Nhf6 9. dxc5 Qxc5 10. 0-0 Bd6 11. b4 Qc7 12. Qb3 Ne4 13. Bh4 Nb6 14. Rd1 Bd7 15. b5 Rc8 16. Bg3 Nxg3 17. hxg3 0-0 18. a4 Qc5 19. Ra2 Nc4 20. Bxc4 Qxc4 21. Qb2 Bc5 22. Ne5 Qe4 23. Nxd7 Rc7 24. Nxc5 Rxc5 25. Rd4 Qf5 26. Qc2 Qf6 27. Qe2 e5 28. Rd1 Re8 29. e4 dxe4 30. Qxe4 Qe6 31. Rad2 f5 32. Rd8 Rxd8 33. Rxd8+ Kf7 34. Qxb7+ Kf6 35. Qxa7 Rd5 36. Rxd5 Qxd5 37. Qb6+ Kg5 38. Qe3+ f4 39. gxf4+ exf4 40. Qd4 Qa2 41. Nd2 Qa1+ 42. Kh2 Qe1 1-0

[Event "FRA-chT2 East 0607"]
[Site "France"]
[Date "2007.01.20"]
[Round "5.8"]
[White "Lupfer, Anne Flore"]
[Black "Hamman, Sophie"]
[Result "1/2-1/2"]
[WhiteElo "1750"]
[BlackElo "1629"]
[PlyCount "65"]
[EventDate "2006.10.15"]
[EventType "team"]
[EventRounds "11"]
[EventCountry "FRA"]
[SourceTitle "EXT 2008"]
[Source "ChessBase"]
[SourceDate "2007.11.25"]
[SourceVersion "1"]
[SourceVersionDate "2007.11.25"]
[SourceQuality "1"]
[WhiteTeam "Metz Fischer II"]
[BlackTeam "Selestat"]
[WhiteTeamCountry "FRA"]
[BlackTeamCountry "FRA"]

1. d4 d5 2. Nf3 Nf6 3. Bf4 e6 4. e3 Be7 5. a3 0-0 6. c4 c5 7. Nc3 dxc4 8. Bxc4 Nc6 9. dxc5 Bxc5 10. 0-0 b6 11. Qc2 Bb7 12. Rfd1 Qc8 13. Rac1 Nh5 14. Bg5 h6 15. Bh4 Be7 16. Be2 Bxh4 17. Nxh4 Nf6 18. Nf3 Rd8 19. b4 Rxd1+ 20. Qxd1 Qd8 21. Qb3 Rc8 22. Rd1 Qe7 23. Qb2 Rd8 24. Rc1 Nd5 25. Nxd5 Rxd5 26. Bc4 Rd6 27. h3 Qd8 28. Qc3 Rd1+ 29. Rxd1 Qxd1+ 30. Kh2 Qd6+ 31. Kg1 Ne7 32. Qd4 Qxd4 33. Nxd4 1/2-1/2

[Event "FRA-chT2 East 0607"]
[Site "France"]
[Date "2006.12.10"]
[Round "4.8"]
[White "Sengsavath, Darouny"]
[Black "Lupfer, Anne Flore"]
[Result "0-1"]
[WhiteElo "1740"]
[BlackElo "1740"]
[PlyCount "70"]
[EventDate "2006.10.15"]
[EventType "team"]
[EventRounds "11"]
[EventCountry "FRA"]
[SourceTitle "EXT 2008"]
[Source "ChessBase"]
[SourceDate "2007.11.25"]
[SourceVersion "1"]
[SourceVersionDate "2007.11.25"]
[SourceQuality "1"]
[WhiteTeam "Mundolsheim"]
[BlackTeam "Metz Fischer II"]
[WhiteTeamCountry "FRA"]
[BlackTeamCountry "FRA"]

1. d4 d5 2. c4 c6 3. cxd5 cxd5 4. Nc3 Nf6 5. Bg5 e6 6. e3 Be7 7. Bd3 Nc6 8. Nf3 a6 9. 0-0 0-0 10. a3 Bd7 11. Bc2 Rc8 12. Qd3 g6 13. Rfe1 Na5 14. Ne5 Nc4 15. b3 Nxe5 16. dxe5 Nh5 17. Bxe7 Qxe7 18. Bd1 Ng7 19. Be2 Bc6 20. f4 Nf5 21. e4 Qc5+ 22. Kh1 dxe4 23. Nxe4 Bxe4 24. Qxe4 b5 25. Bf3 Rfd8 26. a4 Rd4 27. Qe2 Rxf4 28. axb5 axb5 29. Ra5 Rb4 30. Qd1 Nd4 31. Ra8 Rxa8 32. Bxa8 Qc3 33. Rf1 Qxb3 34. Qc1 Qc2 35. Qa1 Ra4 0-1

[Event "FRA-chT2 East 0607"]
[Site "France"]
[Date "2006.11.26"]
[Round "3.8"]
[White "Wimmer, Olivier"]
[Black "Lupfer, Anne Flore"]
[Result "1-0"]
[WhiteElo "2061"]
[BlackElo "1740"]
[PlyCount "119"]
[EventDate "2006.10.15"]
[EventType "team"]
[EventRounds "11"]
[EventCountry "FRA"]
[SourceTitle "EXT 2008"]
[Source "ChessBase"]
[SourceDate "2007.11.25"]
[SourceVersion "1"]
[SourceVersionDate "2007.11.25"]
[SourceQuality "1"]
[WhiteTeam "Obernai"]
[BlackTeam "Metz Fischer II"]
[WhiteTeamCountry "FRA"]
[BlackTeamCountry "FRA"]

1. d4 d5 2. Nf3 Nf6 3. g3 Bf5 4. Bg2 e6 5. 0-0 Be7 6. c4 0-0 7. Qb3 Qc8 8. Nc3 c6 9. Bf4 dxc4 10. Qxc4 Nbd7 11. Rac1 Nb6 12. Qb3 Qd7 13. Rfd1 Rfd8 14. Ne5 Qc8 15. Nb5 Nfd5 16. Bd2 Bg6 17. e4 Nf6 18. Bg5 Bh5 19. g4 Bg6 20. a3 Qb8 21. Nc3 Bd6 22. Bxf6 gxf6 23. Nf3 Bf4 24. Rc2 h5 25. h3 hxg4 26. hxg4 Rd7 27. Nh4 Bh7 28. Re2 Bh2+ 29. Kf1 Qf4 30. Bf3 Rad8 31. Red2 Qh6 32. Ng2 Qh3 33. Rd3 Be5 34. Ke2 Rxd4 35. Rxd4 Rxd4 36. Rxd4 Bxd4 37. Qb4 Be5 38. a4 Qh6 39. a5 c5 40. Qxc5 Bxc3 41. bxc3 Nd7 42. Qc8+ Nf8 43. Ne3 Qg5 44. Nc4 Qb5 45. Ke3 Kg7 46. Qc7 Bg6 47. Nd6 Qg5+ 48. Ke2 Qc1 49. Ne8+ Kh6 50. Nxf6 Qc2+ 51. Kf1 Qd3+ 52. Kg2 Kg7 53. Qe5 Qd8 54. Ne8+ Kh6 55. Qg7+ Kg5 56. Qxf8 Qxa5 57. Qe7+ Kh6 58. Qh4+ Bh5 59. Qxh5+ Qxh5 60. gxh5 1-0

[Event "FRA-chT2D 0506"]
[Site "France"]
[Date "2006.03.11"]
[Round "8.9"]
[White "Karbovnik, Sylvain"]
[Black "Lupfer, Anne Flore"]
[Result "1/2-1/2"]
[WhiteElo "1849"]
[BlackElo "1600"]
[PlyCount "80"]
[EventDate "2005.10.27"]
[EventType "team-tourn"]
[EventRounds "11"]
[EventCountry "FRA"]
[SourceTitle "EXT 2006"]
[Source "ChessBase"]
[SourceDate "2005.11.24"]
[SourceVersion "1"]
[SourceVersionDate "2005.11.24"]
[SourceQuality "1"]
[WhiteTeam "Bischwiller"]
[BlackTeam "Metz Fischer"]
[WhiteTeamCountry "FRA"]
[BlackTeamCountry "FRA"]

1. e4 c6 2. d4 d5 3. exd5 cxd5 4. c4 Nf6 5. Nc3 e6 6. Nf3 a6 7. Bg5 dxc4 8. Bxc4 b5 9. Bb3 Be7 10. 0-0 Bb7 11. Qd3 Nbd7 12. Rad1 Nb6 13. Rfe1 Nbd5 14. Nxd5 Nxd5 15. Bxe7 Qxe7 16. Re5 Nf4 17. Qe3 Qf6 18. d5 Rd8 19. dxe6 Rxd1+ 20. Bxd1 Bxf3 21. exf7+ Kxf7 22. Bxf3 Rf8 23. Bg4 Kg8 24. g3 Ng6 25. Re8 h6 26. Qe6+ Kh7 27. Rxf8 Qxe6 28. Bxe6 Nxf8 29. Bc8 a5 30. Kg2 Kg6 31. Kf3 Kf6 32. Ke4 Ng6 33. f4 Ne7 34. Bb7 Ke6 35. a3 g6 36. b4 axb4 37. axb4 Kd6 38. g4 Ke6 39. Ba6 Nd5 40. Bxb5 Nc3+ 1/2-1/2

[Event "FRA-chT2D 0506"]
[Site "France"]
[Date "2005.12.04"]
[Round "4.9"]
[White "Lupfer, Anne Flore"]
[Black "Romieu, Flore"]
[Result "1-0"]
[WhiteElo "1690"]
[BlackElo "1939"]
[PlyCount "85"]
[EventDate "2005.10.27"]
[EventType "team-tourn"]
[EventRounds "11"]
[EventCountry "FRA"]
[SourceTitle "EXT 2006"]
[Source "ChessBase"]
[SourceDate "2005.11.24"]
[SourceVersion "1"]
[SourceVersionDate "2005.11.24"]
[SourceQuality "1"]
[WhiteTeam "Metz Fischer"]
[BlackTeam "Gueugnon"]
[WhiteTeamCountry "FRA"]
[BlackTeamCountry "FRA"]

1. d4 d5 2. Nf3 Nc6 3. Bf4 Nf6 4. e3 Bf5 5. a3 e6 6. c4 Bd6 7. Bg5 dxc4 8. Bxc4 h6 9. Bh4 g5 10. Bg3 Ne4 11. Nc3 Qe7 12. Rc1 Nxg3 13. hxg3 a6 14. d5 Ne5 15. Nxe5 Bxe5 16. Qb3 0-0-0 17. dxe6 fxe6 18. Be2 h5 19. Bf3 c6 20. Na4 Bc7 21. Nc5 Ba5+ 22. Kf1 g4 23. Be2 Rd5 24. Nxa6 Qd6 25. Nb4 Bxb4 26. axb4 Rd8 27. Kg1 Rd2 28. Bf1 Qe5 29. Qc3 Qc7 30. b5 Be4 31. Rxh5 Qf7 32. Qe5 Qxf2+ 33. Kh2 Bd5 34. b6 Qxg2+ 35. Bxg2 Rxg2+ 36. Kh1 Rxg3+ 37. Kh2 Rg2+ 38. Kh1 Rg3+ 39. Kh2 Rg2+ 40. Kh1 Rxb2+ 41. e4 Rxb6 42. exd5 exd5 43. Rh7 1-0

[Event "FRA-chT2D 0506"]
[Site "France"]
[Date "2005.11.20"]
[Round "3.9"]
[White "Tanoh, Helene"]
[Black "Lupfer, Anne Flore"]
[Result "1-0"]
[WhiteElo "1910"]
[BlackElo "1690"]
[PlyCount "123"]
[EventDate "2005.10.27"]
[EventType "team-tourn"]
[EventRounds "11"]
[EventCountry "FRA"]
[SourceTitle "EXT 2006"]
[Source "ChessBase"]
[SourceDate "2005.11.24"]
[SourceVersion "1"]
[SourceVersionDate "2005.11.24"]
[SourceQuality "1"]
[WhiteTeam "Selestat"]
[BlackTeam "Metz Fischer"]
[WhiteTeamCountry "FRA"]
[BlackTeamCountry "FRA"]

1. d4 d5 2. c4 c6 3. Nc3 Nf6 4. Nf3 Bf5 5. Bg5 Nbd7 6. e3 e6 7. Qb3 Qc7 8. Rc1 dxc4 9. Bxc4 a6 10. 0-0 b5 11. Be2 Bd6 12. a3 0-0 13. Bh4 Rac8 14. Bg3 Rfd8 15. Nd2 Nb6 16. Rfd1 e5 17. dxe5 Bxe5 18. Bxe5 Qxe5 19. Nf3 Qc7 20. Nd4 Bd7 21. Bf3 c5 22. Nde2 Be6 23. Qc2 Ng4 24. Bxg4 Bxg4 25. Qe4 Rxd1+ 26. Rxd1 Bd7 27. Nd5 Nxd5 28. Qxd5 Be6 29. Qg5 h6 30. Qh4 Qe5 31. Rd8+ Rxd8 32. Qxd8+ Kh7 33. Qd3+ Bf5 34. Qd2 Qe4 35. f3 Qc4 36. Ng3 Qd3 37. Qxd3 Bxd3 38. e4 g6 39. Kf2 Kg7 40. Ke3 Bc4 41. Nh1 Kf6 42. g3 g5 43. b4 cxb4 44. axb4 Ke6 45. f4 Kd6 46. Kd4 Be2 47. e5+ Kc6 48. Nf2 a5 49. bxa5 b4 50. Ne4 Bf3 51. Nc5 Kb5 52. a6 Bc6 53. f5 Kb6 54. e6 fxe6 55. fxe6 Be8 56. e7 b3 57. Nxb3 Kxa6 58. Ke5 g4 59. Kd6 Kb6 60. Nd4 Kb7 61. Nf5 h5 62. Nh6 1-0

[Event "FRA-chT2O 0203"]
[Site "France"]
[Date "2003.01.18"]
[Round "5.9"]
[White "Lupfer, Anne Flore"]
[Black "Wolfangel, Florence"]
[Result "0-1"]
[WhiteElo "1720"]
[BlackElo "2010"]
[PlyCount "92"]
[EventDate "2002.10.??"]
[EventType "team"]
[EventRounds "11"]
[EventCountry "FRA"]
[SourceTitle "EXT 2004"]
[Source "ChessBase"]
[SourceDate "2003.11.25"]
[SourceVersion "1"]
[SourceVersionDate "2003.11.25"]
[SourceQuality "1"]
[WhiteTeam "Metz Fischer II"]
[BlackTeam "Chalons en Champagne"]
[WhiteTeamCountry "FRA"]
[BlackTeamCountry "FRA"]

1. d4 Nf6 2. Nf3 g6 3. Bf4 Bg7 4. e3 d6 5. Be2 Nbd7 6. c4 0-0 7. Nc3 h6 8. Nd2 Nh7 9. Rc1 e5 10. dxe5 dxe5 11. Bg3 f5 12. h3 Nc5 13. 0-0 Nd3 14. Rb1 f4 15. exf4 exf4 16. Bh2 Nxb2 17. Qc2 Bxc3 18. Qxc3 Na4 19. Qc1 Nc5 20. Rd1 Qe7 21. Bf3 Bf5 22. Bd5+ Kh8 23. Qc3+ Nf6 24. Re1 Qg7 25. Rbd1 Nxd5 26. Qxg7+ Kxg7 27. cxd5 Nd3 28. Re7+ Rf7 29. Rxf7+ Kxf7 30. Nb3 g5 31. f3 Rd8 32. Rd2 Rxd5 33. Kf1 Ke6 34. Bg1 b6 35. Nd4+ Kf6 36. Nc6 a5 37. Bd4+ Ke6 38. Bg7 Rc5 39. Nd4+ Kf7 40. Bxh6 Rc1+ 41. Rd1 Rxd1+ 42. Ke2 Ra1 43. Nxf5 Nc1+ 44. Kd2 Kg6 45. Bg7 Rxa2+ 46. Kxc1 Kxf5 0-1

[Event "FRA-chT2O 0203"]
[Site "France"]
[Date "2002.11.17"]
[Round "3.9"]
[White "Gras, Delphine"]
[Black "Lupfer, Anne Flore"]
[Result "1-0"]
[WhiteElo "1840"]
[BlackElo "1720"]
[PlyCount "99"]
[EventDate "2002.10.??"]
[EventType "team"]
[EventRounds "11"]
[EventCountry "FRA"]
[SourceTitle "EXT 2004"]
[Source "ChessBase"]
[SourceDate "2003.11.25"]
[SourceVersion "1"]
[SourceVersionDate "2003.11.25"]
[SourceQuality "1"]
[WhiteTeam "Strasbourg"]
[BlackTeam "Metz Fischer II"]
[WhiteTeamCountry "FRA"]
[BlackTeamCountry "FRA"]

1. e4 c6 2. d4 d5 3. Nc3 Nf6 4. exd5 cxd5 5. Nf3 Bg4 6. Be2 e6 7. Bf4 a6 8. 0-0 Nc6 9. h3 Bh5 10. Re1 Be7 11. Ne5 Bxe2 12. Rxe2 0-0 13. Re3 Rc8 14. Rg3 Re8 15. Bh6 g6 16. Bg5 Qb6 17. Nxc6 Qxc6 18. h4 b5 19. a3 Ne4 20. Nxe4 dxe4 21. c3 Bd6 22. Rh3 Qd5 23. Qd2 h5 24. Bf4 Rcd8 25. Bxd6 Rxd6 26. Rg3 Kh7 27. Qf4 f5 28. Qg5 e5 29. dxe5 Rxe5 30. Qf4 Ree6 31. b4 Qd2 32. Qxd2 Rxd2 33. a4 Rd3 34. Rxd3 exd3 35. axb5 d2 36. Kf1 axb5 37. Rd1 Rc6 38. Rxd2 Rxc3 39. Rd5 Rc4 40. Rxb5 Rxh4 41. Rb7+ Kg8 42. Ke2 Kf8 43. b5 Ke8 44. Rg7 Rg4 45. b6 Kf8 46. Rc7 Re4+ 47. Kf3 Rb4 48. b7 Ke8 49. Rc8+ Kd7 50. b8Q 1-0

[Event "FRA-chT2O 0203"]
[Site "France"]
[Date "2002.11.16"]
[Round "2.9"]
[White "Lupfer, Anne Flore"]
[Black "Kuchly, Celine"]
[Result "1/2-1/2"]
[WhiteElo "1720"]
[BlackElo "1710"]
[PlyCount "73"]
[EventDate "2002.10.??"]
[EventType "team"]
[EventRounds "11"]
[EventCountry "FRA"]
[SourceTitle "EXT 2004"]
[Source "ChessBase"]
[SourceDate "2003.11.25"]
[SourceVersion "1"]
[SourceVersionDate "2003.11.25"]
[SourceQuality "1"]
[WhiteTeam "Metz Fischer II"]
[BlackTeam "Saverne"]
[WhiteTeamCountry "FRA"]
[BlackTeamCountry "FRA"]

1. d4 Nf6 2. Nf3 e6 3. Bf4 d5 4. e3 Nbd7 5. a3 c5 6. c4 cxd4 7. Qxd4 Bc5 8. Qc3 0-0 9. Nbd2 a5 10. Be2 b6 11. 0-0 Ba6 12. Rfd1 Qe7 13. Ne5 Rac8 14. Nxd7 Qxd7 15. Bf3 Bd6 16. Bxd6 Qxd6 17. b3 Qb8 18. Rac1 dxc4 19. bxc4 Bb7 20. Qd4 Bxf3 21. Nxf3 Rfd8 22. Qe5 Qxe5 23. Rxd8+ Rxd8 24. Nxe5 h6 25. f3 Rc8 26. Rd1 Kf8 27. Rd6 Rc5 28. f4 b5 29. cxb5 Rxb5 30. Rd3 Nd5 31. Kf2 Ke7 32. Kf3 f6 33. Nc6+ Kf7 34. e4 Nb6 35. Rc3 Na4 36. Rd3 Nc5 37. Rc3 1/2-1/2

[Event "FRA-chT2"]
[Site "France"]
[Date "2002.03.??"]
[Round "9"]
[White "Lupfer, Anne Flore"]
[Black "Peter, Sebastien"]
[Result "0-1"]
[WhiteElo "1450"]
[BlackElo "2156"]
[PlyCount "38"]
[EventDate "2002.??.??"]
[EventType "team"]
[EventRounds "11"]
[EventCountry "FRA"]
[SourceTitle "EXT 2003"]
[Source "ChessBase"]
[SourceDate "2002.11.25"]
[SourceVersion "1"]
[SourceVersionDate "2002.11.25"]
[SourceQuality "1"]

1. d4 e6 2. Nf3 Nf6 3. Bf4 c5 4. c3 b6 5. e3 Bb7 6. Be2 Be7 7. 0-0 0-0 8. Nbd2 Nh5 9. Bg3 cxd4 10. Nxd4 Nxg3 11. hxg3 Nc6 12. N2f3 d6 13. Qc2 Rc8 14. Rad1 Qc7 15. Qd3 Rfd8 16. Rd2 a6 17. Nxc6 Qxc6 18. Rfd1 b5 19. Nd4 Qxg2# 0-1

[Event "FRA-chT2"]
[Site "France"]
[Date "2002.02.??"]
[Round "7"]
[White "Lupfer, Anne Flore"]
[Black "Griffe, Delphine"]
[Result "1-0"]
[WhiteElo "1450"]
[BlackElo "1610"]
[PlyCount "71"]
[EventDate "2002.??.??"]
[EventType "team"]
[EventRounds "11"]
[EventCountry "FRA"]
[SourceTitle "EXT 2003"]
[Source "ChessBase"]
[SourceDate "2002.11.25"]
[SourceVersion "1"]
[SourceVersionDate "2002.11.25"]
[SourceQuality "1"]

1. d4 Nf6 2. Nf3 g6 3. Bf4 Bg7 4. e3 d5 5. c4 0-0 6. Nc3 c6 7. Rc1 Bg4 8. b3 Qa5 9. Be2 Ne4 10. Qc2 Nd7 11. 0-0 Nef6 12. Rfe1 Rac8 13. Qb1 c5 14. dxc5 dxc4 15. Bxc4 Bxf3 16. gxf3 Qxc5 17. Red1 Qh5 18. Kg2 Nb6 19. Bf1 e5 20. Bg3 Nfd7 21. Ne4 f5 22. Nd6 Rxc1 23. Qxc1 Qg5 24. Bc4+ Kh8 25. Nf7+ Rxf7 26. Bxf7 Qe7 27. Bc4 Qf6 28. Rd2 Nb8 29. Rc2 Nc6 30. Bb5 Nb4 31. Rc5 N4d5 32. Bc4 Bf8 33. Bxd5 Bxc5 34. Qxc5 Qg7 35. Bc4 Nxc4 36. bxc4 1-0

[Event "FRA-chT2"]
[Site "France"]
[Date "2001.12.??"]
[Round "4"]
[White "Tisserand, Daniel"]
[Black "Lupfer, Anne Flore"]
[Result "1-0"]
[WhiteElo "2090"]
[BlackElo "1490"]
[PlyCount "92"]
[EventDate "2002.??.??"]
[EventType "team"]
[EventRounds "11"]
[EventCountry "FRA"]
[SourceTitle "EXT 2003"]
[Source "ChessBase"]
[SourceDate "2002.11.25"]
[SourceVersion "1"]
[SourceVersionDate "2002.11.25"]
[SourceQuality "1"]

1. c4 c5 2. Nf3 Nc6 3. e3 Nf6 4. d4 e6 5. d5 exd5 6. cxd5 Ne7 7. Nc3 b6 8. e4 Ng6 9. h3 Bd6 10. Bd3 0-0 11. 0-0 Re8 12. Nd2 Be5 13. Ne2 Bb7 14. f4 Bc7 15. Qc2 Rc8 16. b3 Nh5 17. g3 Qe7 18. Nf3 d6 19. Bb2 Qd7 20. Kh2 a6 21. a4 Ra8 22. Rac1 Bc8 23. f5 Ne5 24. Nxe5 dxe5 25. Rf3 Ra7 26. Re1 Bd6 27. Bc1 h6 28. g4 Nf6 29. Be3 Rc7 30. Ng3 Be7 31. Qe2 Ra7 32. Rff1 Nh7 33. Nh5 Bb7 34. f6 Bxf6 35. Bxh6 gxh6 36. Rxf6 Qe7 37. Rxh6 Qc7 38. Rxh7 Kxh7 39. Nf6+ Kg6 40. Nxe8 Qe7 41. Qf3 Bc8 42. Rf1 Qxe8 43. Qf6+ Kh7 44. Qh4+ Kg7 45. Qg5+ Kf8 46. Qf6 Qe7 1-0

[Event "FRA-chT2"]
[Site "France"]
[Date "2001.11.??"]
[Round "3"]
[White "L'Huillier, Helene"]
[Black "Lupfer, Anne Flore"]
[Result "1-0"]
[WhiteElo "1710"]
[BlackElo "1490"]
[PlyCount "105"]
[EventDate "2002.??.??"]
[EventType "team"]
[EventRounds "11"]
[EventCountry "FRA"]
[SourceTitle "EXT 2003"]
[Source "ChessBase"]
[SourceDate "2002.11.25"]
[SourceVersion "1"]
[SourceVersionDate "2002.11.25"]
[SourceQuality "1"]

1. d4 d5 2. c4 c6 3. Nc3 Nf6 4. Nf3 Bf5 5. Qb3 Qc8 6. cxd5 cxd5 7. Nxd5 Nxd5 8. Qxd5 e6 9. Qb3 Be4 10. Qc3 Nc6 11. a3 Be7 12. e3 0-0 13. Be2 Qd7 14. 0-0 Rac8 15. Qe1 Bf6 16. Bd2 Ne7 17. Bc3 Nd5 18. Qd2 Rc7 19. Rfc1 Rfc8 20. Ne1 Qe7 21. Bd3 Bg6 22. Bxg6 hxg6 23. Nd3 Qd8 24. Bb4 Nb6 25. Ba5 Rxc1+ 26. Rxc1 Rxc1+ 27. Qxc1 Qd6 28. Bxb6 Qxb6 29. Qc8+ Kh7 30. Qc5 Qb3 31. Qc3 Qd1+ 32. Ne1 Be7 33. Kf1 Qa4 34. Ke2 Bd6 35. g3 Qb5+ 36. Kd2 Kh6 37. Nd3 Kg5 38. h3 Kf5 39. Nc5 b6 40. Qd3+ Qxd3+ 41. Nxd3 Ke4 42. Ke2 Kd5 43. Kd2 a6 44. Ne1 Bc7 45. Kd3 Bd6 46. e4+ Kc6 47. Nc2 a5 48. Ne3 e5 49. Nc4 exd4 50. Nxd6 Kxd6 51. Kxd4 f6 52. f4 Ke6 53. e5 1-0